| 000 | 01157nam a2200277Ia 4500 | ||
|---|---|---|---|
| 008 | 130821s2000 sp gr spa | ||
| 020 | _a8420637963 | ||
| 040 |
_aCo-BoUCM _bspa |
||
| 041 | 0 | 0 | _aspa |
| 100 | 1 |
_aDurkheim, Émile _d1858-1917. |
|
| 245 | 1 | 4 |
_aLas reglas del método sociológico y otros escritos sobre filosofía de las ciencias sociales _cEmile Durkkeim ; traducción, introducción y notas de Santiago González Noriega |
| 260 |
_aBarcelona (España) _bAlianza Editorial _c2000 |
||
| 300 | _a328 páginas | ||
| 490 |
_aLibro de bolsillo. _v3802 _aCiencias Sociales |
||
| 504 | _aIncluye referencias bibliográficas. | ||
| 600 | 1 | 4 |
_aDurkheim, Émile _d1858-1917 _vEnsayos, conferencias, etc. |
| 650 | 0 | 4 |
_aFilosofía de la sociología _915777 |
| 650 | 0 | 4 |
_aFilosofía de las ciencias sociales _915783 |
| 650 | 0 | 4 |
_aMetodología en ciencias sociales _919436 |
| 650 | 0 | 4 |
_aSociología _9386 |
| 650 | 0 | 4 |
_aSociología _xMetodología _9386 |
| 700 | 1 |
_aGonzález Noriega, Santiago _etraductor. |
|
| 765 | 0 | _tLes regles de la methode sociologique. | |
| 942 |
_cLIBRO _a5 _e1 _mD963r _2DEWEY _h301.01 |
||
| 999 |
_c47956 _d47956 |
||